Подробности
| 000 -МАРКЕР |
| контрольное поле |
01861nam0a2200325 4500 |
| 001 - ИДЕНТИФИКАТОР ЗАПИСИ |
| контрольное поле |
RU\NLR\bibl\977280 |
| 005 - ИДЕНТИФИКАТОР ВЕРСИИ |
| контрольное поле |
20260210120741.0 |
| 010 ## - МЕЖДУНАРОДНЫЙ СТАНДАРТНЫЙ НОМЕР КНИГИ (ISBN) |
| Номер (ISBN) |
5-7017-0831-4 |
| Тираж |
100 |
| 021 ## - НОМЕР ГОСУДАРСТВЕННОЙ РЕГИСТРАЦИИ |
| Код страны |
Российская Федерация |
| Номер |
2006-41696 |
| Номер Листа государственной регистраци |
2084 |
| 035 ## - ДРУГИЕ СИСТЕМНЫЕ НОМЕРА |
| Идентификатор записи |
(NLR Aleph) 000965200 |
| 100 ## - ДАННЫЕ ОБЩЕЙ ОБРАБОТКИ |
| Данные общей обработки |
20060822d2005 u y0rusy50 ca |
| 101 0# - ЯЗЫК РЕСУРСА |
| Язык текста, звукозаписи и т.д. |
русский |
| 102 ## - СТРАНА ПУБЛИКАЦИИ ИЛИ ПРОИЗВОДСТВА |
| Страна публикации |
Российская Федерация |
| 105 ## - ПОЛЕ КОДИРОВАННЫХ ДАННЫХ: ТЕКСТОВЫЕ МАТЕРИАЛЫ, МОНОГРАФИЧЕСКИЕ |
| Кодированные данные о монографическом текстовом документе |
a ||||||||| |
| 200 1# - ЗАГЛАВИЕ И СВЕДЕНИЯ ОБ ОТВЕТСТВЕННОСТИ |
| Основное заглавие |
Управление качеством образования на муниципальном уровне и на уровне образовательного учреждения: анализ результатов единого государственного экзамена в Московской области в 2005 году |
| Сведения, относящиеся к заглавию |
сборник информационно-методических материалов |
| Первые сведения об ответственности |
М-во образования Моск. обл., Акад. социал. упр. |
| Последующие сведения об ответственности |
[сост.: Запалацкая В.С. и др. |
| -- |
ред. совет : Антонова Л.Н. - пред. и др.] |
| 210 ## - ПУБЛИКАЦИЯ, РАСПРОСТРАНЕНИЕ И ДР. |
| Место издания, распространения и т.д. |
Москва |
| Имя издателя, распространителя и т. д. |
АСОУ |
| Дата издания, распространения и т.д. |
2005 |
| 215 ## - ФИЗИЧЕСКАЯ ХАРАКТЕРИСТИКА |
| Специфическое обозначение материала и объем |
278, [1] с. |
| Другие сведения о физической характеристике |
ил., факс. |
| Размеры |
21 |
| 606 1# - НАИМЕНОВАНИЕ ТЕМЫ КАК ПРЕДМЕТ |
| Наименование темы |
Единый государственный экзамен |
| Географический подзаголовок |
Московская область |
| Системный номер авторитетной/нормативной записи |
2420619 |
| Идентификатор авторитетной/нормативной записи |
RU\NLR\AUTH\661441564 |
| 686 1# - ИНДЕКСЫ ДРУГИХ КЛАССИФИКАЦИЙ |
| Индекс |
Ч421.385 |
| 702 #1 - ИМЯ ЛИЦА - ВТОРИЧНАЯ ОТВЕТСТВЕННОСТЬ |
| Начальный элемент ввода |
Запалацкая |
| Часть имени, кроме начального элемента ввода |
В. С. |
| Расширение инициалов личного имени |
Вероника Станиславовна |
| Код отношения |
Составитель |
| 702 #1 - ИМЯ ЛИЦА - ВТОРИЧНАЯ ОТВЕТСТВЕННОСТЬ |
| Код отношения |
Редактор |
| Графика поля |
Кириллица |
| Материалы, к которым относится поле |
rus |
| Начальный элемент ввода |
Антонова |
| Часть имени, кроме начального элемента ввода |
Л. Н. |
| Дополнения к именам, кроме дат |
д-р пед. наук, гос. деятель |
| Даты |
1950- |
| Расширение инициалов личного имени |
Лидия Николаевна |
| Системный номер авторитетной/нормативной записи |
11359 |
| Идентификатор авторитетной/нормативной записи |
RU\NLR\AUTH\7728328 |
| 712 02 - НАИМЕНОВАНИЕ ОРГАНИЗАЦИИ - ВТОРИЧНАЯ ОТВЕТСТВЕННОСТЬ |
| Код отношения |
Прочие |
| Начальный элемент ввода |
Академия социального управления |
| Идентифицирующий признак |
Москва |
| Системный номер авторитетной/нормативной записи |
662663 |
| Идентификатор авторитетной/нормативной записи |
RU\NLR\AUTH\8810080266 |
| 801 #0 - ИСТОЧНИК ЗАПИСИ |
| Страна |
Российская Федерация |
| Организация |
NLR |
| Дата составления |
20060822 |
| Правила каталогизации |
rcr |
| 801 #1 - ИСТОЧНИК ЗАПИСИ |
| Страна |
Российская Федерация |
| Организация |
NLR |
| Дата составления |
20060822 |
| 830 ## - ОБЩЕЕ ПРИМЕЧАНИЕ, СОСТАВЛЕННОЕ КАТАЛОГИЗАТОРОМ |
| Текст примечания |
Авт. по ЭК |
| 942 ## - ДОПОЛНИТЕЛЬНЫЕ ЭЛЕМЕНТЫ ЗАПИСИ (АБИС) |
| Тип экземпляра АБИС |
Неопределено |
| 980 ## - КОЛЛЕКЦИЯ |
| Название коллекции |
Национальная библиография |